Mixed Word: Stuck In My Teeth Quiz Stats

 Plays Quiz Updated Nov 28, 2017

Score 0/18 Timer 03:00
0 Plays Today
What's this on my teeth? Oh, THAT's what that is! % Correct
RCNOcorn
99%
TYFAFtaffy
92.5%
EFOFETtoffee
86.3%
OYPPP DESEpoppy seed
84.3%
PELPA LEPEapple peel
81.3%
CROPPONpopcorn
80.4%
EANROG LUPPorange pulp
76.6%
MELCAARcaramel
74.3%
TALEND SLOFSdental floss
74.1%
What's this on my teeth? Oh, THAT's what that is! % Correct
CYERELcelery
62.8%
RICOBOLCbroccoli
59.3%
SIRINAraisin
56.2%
KORNEB PITCOKOTHbroken toothpick
55.1%
ANMOGmango
53.1%
REBRUYBELblueberry
49.8%
ARCDECK ERPPPEcracked pepper
49.4%
LEQUAPplaque
42.4%
PHSICANspinach
21.9%

You're not logged in!

Compare scores with friends on all Sporcle quizzes.
OR
Log In

Sporcle TV

Today on Sporcle TV


Watch our educational content, quiz creation guides, and fun videos on Sporcle TV.

Show Comments

Extras

Top Quizzes Today


Score Distribution

Your Account Isn't Verified!

In order to create a playlist on Sporcle, you need to verify the email address you used during registration. Go to your Sporcle Settings to finish the process.

Report this User

Report this user for behavior that violates our Community Guidelines.

Details: